Welcome to CU Library Online Public Access Catalogue (OPAC)

Sociology--a brief introduction / (Record no. 2797)

MARC details
000 -LEADER
fixed length control field 00596pam a2200205 a 4500
001 - CONTROL NUMBER
control field 3050477
005 - DATE AND TIME OF LATEST TRANSACTION
control field 20250122133711.0
008 - FIXED-LENGTH DATA ELEMENTS--GENERAL INFORMATION
fixed length control field 960119s1997 nyua b 001 0 eng
020 ## - INTERNATIONAL STANDARD BOOK NUMBER
International Standard Book Number 0070572348 (acidfree paper)
050 00 - LIBRARY OF CONGRESS CALL NUMBER
Classification number HM51
Item number .S345 1997
082 00 - DEWEY DECIMAL CLASSIFICATION NUMBER
Classification number 301
Edition information 20
100 1# - MAIN ENTRY--PERSONAL NAME
Personal name Schaefer, Richard T.
245 10 - TITLE STATEMENT
Title Sociology--a brief introduction /
Statement of responsibility, etc. Richard T. Schaefer, Robert P. Lamm.
250 ## - EDITION STATEMENT
Edition statement 2nd ed.
260 ## - PUBLICATION, DISTRIBUTION, ETC.
Place of publication, distribution, etc. New York :
Name of publisher, distributor, etc. McGraw-Hill Companies,
Date of publication, distribution, etc. c1997.
300 ## - PHYSICAL DESCRIPTION
Extent xix, 444 p. :
Other physical details ill. ;
Dimensions 26 cm.
650 #0 - SUBJECT ADDED ENTRY--TOPICAL TERM
Topical term or geographic name entry element Sociology.
700 1# - ADDED ENTRY--PERSONAL NAME
Personal name Lamm, Robert P.
942 ## - ADDED ENTRY ELEMENTS (KOHA)
Source of classification or shelving scheme Library of Congress Classification
Koha item type Books
Suppress in OPAC No
999 ## -
-- 2797
-- 2797
Holdings
Withdrawn status Lost status Source of classification or shelving scheme Damaged status Not for loan Collection Home library Current library Shelving location Date acquired Total checkouts Full call number Barcode Date last seen Copy number Price effective from Koha item type
    Library of Congress Classification     Non-fiction Business Library (Miotso) Business Library (Miotso) General stacks 01/22/2025   HM51 .S345 1997 BSSM00000634 01/24/2025 2 01/22/2025 Books
    Library of Congress Classification     Non-fiction Business Library (Miotso) Business Library (Miotso) General stacks 01/22/2025   HM51 .S345 1997 BSSM00000635 01/24/2025 3 01/22/2025 Books
    Library of Congress Classification     Non-fiction Business Library (Miotso) Business Library (Miotso) General stacks 01/22/2025   HM51 .S345 1997 BSSM00000636 01/24/2025 4 01/22/2025 Books
    Library of Congress Classification     Non-fiction Undergraduate Library (Christ Temple) Undergraduate Library (Christ Temple) General stacks 01/22/2025   HM51 SCH ulct00000868 01/22/2025 1 01/22/2025 Books
© 2023-2024 Copyright: Central University Libraries. All Rights Reserved | Created by: Mahone Tech Office